| 000 | 01155cac a22003135a 4500 | ||
|---|---|---|---|
| 001 | 2521536 | ||
| 005 | 20150810144124.0 | ||
| 008 | 930106s1994 paua frd 000 0 eng d | ||
| 010 | _a93000041 | ||
| 020 | _a0830643974 | ||
| 020 | _a0830643966 (pbk.) : | ||
| 040 |
_aEG-ScBUE _beng _cEG-ScBUE |
||
| 050 | 0 | 0 |
_aTK7804 _b.T87 1994 |
| 082 | 0 | 4 |
_a621.38103 _222 _bGIB |
| 100 | 1 | _aGibilisco, Stan. | |
| 245 | 1 | 4 |
_aThe illustrated dictionary of electronics / _cStan Gibilisco. |
| 250 | _a6th ed. | ||
| 260 |
_aBlue Ridge Summit, Pennsylvania : _bMcGraw-Hill / Tab Books, _cc.1994. |
||
| 300 |
_a760 p. : _bill., charts ; _c25 cm. |
||
| 500 | _aRev. ed. of: The illustrated dictionary of electronics / Rufus P. Turner, Stan Gibilisco. 5th ed., c1991. | ||
| 590 | _ayassmeen ashraf | ||
| 650 | 0 |
_aElectronics _xDictionaries. _2BUEsh |
|
| 651 | _2BUEsh | ||
| 653 |
_bENGELC _cAugust2015 |
||
| 655 |
_vreading book _934232 |
||
| 700 | 1 |
_aTurner, Rufus P. _tIllustrated dictionary of electronics. |
|
| 942 |
_2ddc _cBB |
||
| 999 |
_c10378 _d10378 |
||